Fire Emblem Heroes Characters - Statistics

General Stats
  • This quiz has been taken 13 times
  • The average score is 535 of 679
Answer Stats
% Correct
Abel
100%
Alfador
100%
Alfonse
100%
Anna (Awakening)
100%
Anna (Engage)
100%
Anna (Heroes)
100%
Ash
100%
Ashe
100%
Askr
100%
Baldr
100%
Bors
100%
Bruno
100%
Caeda
100%
Cain
100%
Catria (Archanea)
100%
Catria (Valentia)
100%
Dozla
100%
Duessel
100%
Eir
100%
Eirika
100%
Eitr
100%
Eliwood
100%
Elm
100%
Embla
100%
Ephraim
100%
Est (Archanea)
100%
Est (Valentia)
100%
Fir
100%
Fjorm
100%
Florina
100%
Guinivere
100%
Gustav
100%
Haar
100%
Hector
100%
Heimdallr
100%
Henry
100%
Hilda (Genealogy of the Holy War)
100%
Hodr
100%
Idunn
100%
Jaffar
100%
Jagen
100%
Joshua
100%
Julia
100%
Juno
100%
Karel
100%
Laevatein
100%
Lara
100%
L'Arachel
100%
Lif
100%
Lilina
100%
Linde
100%
Linus
100%
Lloyd
100%
Loki
100%
Lyn
100%
Lyon
100%
Maria
100%
Marth (Awakening)
100%
Marth (Mystery of the Emblem)
100%
Medeus
100%
Melady
100%
Muspell
100%
Naga (Ancient)
100%
Naga (Divine)
100%
Natasha
100%
Navarre
100%
Nergal
100%
Niime
100%
Nils
100%
Ninian
100%
Nino
100%
Ogma
100%
Oswin
100%
Otr
100%
Palla (Archanea)
100%
Palla (Valentia)
100%
Peony
100%
Plumeria
100%
Ratatoskr
100%
Reginn
100%
Rennac
100%
Roy
100%
Rune
100%
Selena (Fates)
100%
Selena (The Sacred Stones)
100%
Seth
100%
Shanna
100%
Sharena
100%
Sonia
100%
Sophia
100%
Sue
100%
Tana
100%
Thea
100%
Thorr
100%
Thrasir
100%
Tiki (Adult)
100%
Tiki (Young)
100%
Ursula
100%
Vali
100%
Vanessa
100%
Vanitas
100%
Veronica
100%
Wolt
100%
Ymir
100%
Zephiel (The Binding Blade)
100%
Zephiel ( The Blazing Blade)
100%
Aelfric
83%
Alcryst
83%
Alear (Female)
83%
Alear (Male)
83%
Alfred
83%
Alm
83%
Annette
83%
Arden
83%
Arete
83%
Arthur
83%
Artur
83%
Arval
83%
Ashera
83%
Astram
83%
August
83%
Ayra
83%
Azama
83%
Azura
83%
Balthus
83%
Bantu
83%
Bartre
83%
Basilio
83%
Bastian
83%
Berkut
83%
Bernadetta
83%
Bertram
83%
Black Knight (Path of Radiance)
83%
Black Knight (Radiant Dawn)
83%
Boey
83%
Boyd
83%
Brunnya
83%
Byleth (Female)
83%
Byleth (Male)
83%
Caellach
83%
Caineghis
83%
Camilla
83%
Camus
83%
Canas
83%
Caspar
83%
Castor
83%
Cath
83%
Catherine
83%
Cecilia
83%
Ced
83%
Celica
83%
Céline
83%
Chad
83%
Chloé
83%
Chrom
83%
Chulainn
83%
Citrinne
83%
Clanne
83%
Clarisse
83%
Claude
83%
Colm
83%
Constance
83%
Cornelia
83%
Corrin (Female)
83%
Corrin (Male
83%
Cynthia
83%
Cyril
83%
Dagr
83%
Death Knight
83%
Dedue
83%
Deen
83%
Deirdre
83%
Dheginsea
83%
Diamant
83%
Dieck
83%
Dimitri
83%
Dorcas
83%
Dorothea
83%
Draug
83%
Edelgard
83%
Eikthyrnir
83%
Eitri
83%
Elice
83%
Elimine
83%
Elise
83%
Ena
83%
Eremiya
83%
Etie
83%
Ewan
83%
Fae
83%
Fafnir
83%
Farina
83%
Faye
83%
Felicia
83%
Felix
83%
Ferdinand
83%
Fernand
83%
Finn
83%
Fiora
83%
Flame Emperor
83%
Flavia
83%
Flayn
83%
Flora
83%
Fogado
83%
Fomortiis
83%
Forde
83%
Forrest
83%
Framme
83%
Frederick
83%
Freyja
83%
Freyr
83%
Galzus
83%
Ganglot
83%
Garon
83%
Genny
83%
Geoffrey
83%
Gerik
83%
Gharnef
83%
Gilliam
83%
Glen
83%
Gordin
83%
Gotoh
83%
Gray
83%
Greil
83%
Grima (Female)
83%
Grima (Male)
83%
Griss
83%
Gullveig
83%
Gunnthra
83%
Gwendolyn
83%
Hapi
83%
Hardin
83%
Harken
83%
Heidr
83%
Heidrun
83%
Hel
83%
Helbindi
83%
Henriette
83%
Hestia
83%
Hilda (Three Houses)
83%
Hinoka
83%
Hortensia
83%
Hraesvelgr
83%
Hubert
83%
Hugh
83%
Ignatz
83%
Igrene
83%
Ike (Path of Radiance)
83%
Ike (Radiant Dawn)
83%
Ingrid
83%
Inigo
83%
Innes
83%
Isadora
83%
Ishtar (Genealogy of the Holy War)
83%
Itsuki
83%
Ivy
83%
Jeorge
83%
Jeralt
83%
Jesse
83%
Julian
83%
Karla
83%
Katarina
83%
Kaze
83%
Kent
83%
Kiria
83%
Knoll
83%
Kris (Female)
83%
Kris (Male)
83%
Kronya
83%
Kurthnaga
83%
Kvasir
83%
Kyle
83%
Kyza
83%
Laegjarn
83%
Lapis
83%
Laslow
83%
Laurent
83%
Leanne
83%
Leif
83%
Leila
83%
Lena
83%
Leo
83%
Leon
83%
Leonardo
83%
Lethe
83%
Lilith
83%
Limstella
83%
Linhardt
83%
Lissa
83%
Lorenz
83%
Lucia (Path of Radiance)
83%
Lucia (Radiant Dawn)
83%
Lucina
83%
Lucius
83%
Lugh
83%
Lumera
83%
Lysithea
83%
Mae
83%
Mamori
83%
Manuela
83%
Marianne
83%
Maribelle
83%
Marisa
83%
Mark
83%
Marla
83%
Marni
83%
Matthew
83%
Meliai
83%
Mercedes
83%
Merlinus
83%
Merric
83%
Michalis
83%
Midori
83%
Mikoto
83%
Mila
83%
Minerva
83%
Mirabilis
83%
Miriel
83%
Mist
83%
Monica
83%
Murdock
83%
Mycen
83%
Myrrh
83%
Naesala
83%
Nagi
83%
Nah
83%
Nailah
83%
Narcian
83%
Neimi
83%
Nemesis
83%
Nidavellir
83%
Nidhoggr
83%
Nifl
83%
Niles
83%
Noah
83%
Noire
83%
Nomah
83%
Nott
83%
Nyna
83%
Odin
83%
Ogier
83%
Olivia
83%
Olwen
83%
Oscar
83%
Osian
83%
Owain
83%
Pandreo
83%
Panette
83%
Panne
83%
Petra
83%
Phina
83%
Priscilla
83%
Rafiel
83%
Raigh
83%
Ranulf
83%
Raphael
83%
Rath
83%
Raven
83%
Reina
83%
Reinhardt
83%
Reyson
83%
Rhea
83%
Riev
83%
Rinea
83%
Robin (Female)
83%
Robin (Male)
83%
Rolf
83%
Rosado
83%
Rutger
83%
Ryoma
83%
Saber
83%
Sain
83%
Saizo
83%
Sakura
83%
Say'ri
83%
Seadall
83%
Sedgar
83%
Seidr
83%
Seiros
83%
Seliph
83%
Serra
83%
Seteth
83%
Setsuna
83%
Severa
83%
Shamir
83%
Sheena
83%
Shez (Female)
83%
Shez (Male)
83%
Sigurd
83%
Sirius
83%
Skrimir
83%
Solon
83%
Sonya
83%
Soren (Path of Radiance)
83%
Soren (Radiant Dawn)
83%
Sothis
83%
Surtr
83%
Sylvain
83%
Syrene
83%
Tailtiu
83%
Takumi
83%
Tanya
83%
Tatiana
83%
Tethys
83%
Tharja
83%
Tibarn
83%
Timerra
83%
Titania
83%
Triandra
83%
Tsubasa
83%
Uther
83%
Vaike
83%
Valter
83%
Veyle
83%
Vigarde
83%
Vika
83%
Wolf
83%
Xander
83%
Xane
83%
Yen'fay
83%
Yune
83%
Yuri
83%
Zeiss
83%
Zeke
83%
Zelestia
83%
Zelgius
83%
Zelkov
83%
Zelot
83%
Zephia
83%
Altena
67%
Amelia
67%
Anankos
67%
Annand
67%
Ares
67%
Arion
67%
Arlen
67%
Arvis
67%
Astrid
67%
Athena
67%
Athos
67%
Atlas
67%
Aversa
67%
Azelle
67%
Barst
67%
Benny
67%
Beruka
67%
Brady
67%
Brigand Boss
67%
Brigid
67%
Caeldori
67%
Cervantes
67%
Charlotte
67%
Cherche
67%
Clair
67%
Clarine
67%
Clive
67%
Conrad
67%
Cordelia
67%
Cormag
67%
Dagdar
67%
Darros
67%
Delthea
67%
Dew
67%
Donnel
67%
Dorothy
67%
Duma
67%
Dwyer
67%
Echidna
67%
Edain
67%
Edward
67%
Effie
67%
Eldigan
67%
Eleonora
67%
Elffin
67%
Elincia (Path of Radiance)
67%
Elincia (Radiant Dawn)
67%
Emmeryn
67%
Erinys
67%
Erk
67%
Ethlyn
67%
Excellus
67%
Eyvel
67%
Febail
67%
Forsyth
67%
Fuga
67%
Galle
67%
Gangrel
67%
Gatekeeper
67%
Gatrie
67%
Geese
67%
Gerome
67%
Ginnungagap
67%
Goldmary
67%
Gonzalez
67%
Gregor
67%
Gunter
67%
Guy
67%
Haitaka
67%
Hana
67%
Hans
67%
Hawkeye
67%
Hinata
67%
Holst
67%
Homer
67%
Hrid
67%
Iago
67%
Ilyana
67%
Ishtar (Thracia 776)
67%
Jarod
67%
Jedah
67%
Jill
67%
Jorge
67%
Julius
67%
Kaden
67%
Kagero
67%
Kagetsu
67%
Kamui
67%
Kana (Female)
67%
Kana (Male)
67%
Karin
67%
Keaton
67%
Kellam
67%
Kiragi
67%
Kjelle
67%
Klein
67%
Kliff
67%
Lachesis
67%
Laeradr
67%
Lana
67%
Larcei
67%
Larum
67%
Legion
67%
Lene
67%
Leonie
67%
Letizia
67%
Lewyn
67%
Lex
67%
Libra
67%
Linoan
67%
Lon'qu
67%
Louise
67%
Ludveck
67%
Lukas
67%
Lute
67%
Luthier
67%
Lyre
67%
Marcia
67%
Mareeta
67%
Mathilda
67%
Mauvier
67%
Merrin
67%
Mia (Path of Radiance)
67%
Mia (Radiant Dawn)
67%
Micaiah
67%
Miranda
67%
Mordecai
67%
Morgan (Female)
67%
Morgan (Male)
67%
Mozu
67%
Muarim
67%
Nanna
67%
Nel
67%
Nephenee
67%
Nerthuz
67%
Nina
67%
Norne
67%
Nowi
67%
Nuibaba
67%
Nyx
67%
Oboro
67%
Ophelia
67%
Orson
67%
Patty
67%
Pent
67%
Perceval
67%
Peri
67%
Petrine
67%
Phila
67%
Priam
67%
Python
67%
Quan
67%
Rafal
67%
Rebecca
67%
Rhajat
67%
Rickard
67%
Ricken
67%
Rinkah
67%
Ronan
67%
Roshea
67%
Ross
67%
Rudolf
67%
Saleh
67%
Salem
67%
Sanaki (Path of Radiance)
67%
Sanaki (Radiant Dawn)
67%
Sara
67%
Saul
67%
Scarlet
67%
Scathach
67%
Selkie
67%
Sephiran
67%
Shigure
67%
Shinon (Path of Radiance)
67%
Shinon (Radiant Dawn)
67%
Shiro
67%
Shura
67%
Siegbert
67%
Sigrun
67%
Silque
67%
Silvia
67%
Soleil
67%
Sothe
67%
Stahl
67%
Stefan
67%
Subaki
67%
Sully
67%
Sumia
67%
Tanith
67%
Thjazi
67%
Tina
67%
Tine
67%
Tobin
67%
Tormod
67%
Travant
67%
Vaida
67%
Valbar
67%
Validar
67%
Velouria
67%
Virion
67%
Volke
67%
Vyland
67%
Walhart
67%
Wrys
67%
Yarne
67%
Ylgr
67%
Yukimura
67%
Yuliya
67%
Yunaka
67%
Zihark
67%
Altina
50%
Asbel
50%
Ashnard
50%
Bramimond
50%
Candace
50%
Dithorba
50%
Fargus
50%
Fee
50%
Hayato
50%
Heath
50%
Heather
50%
Jakob
50%
Jamke
50%
Legault
50%
Lifis
50%
Luke
50%
Machyua
50%
Malice
50%
Matthis
50%
Metodey
50%
Midir
50%
Mustafa
50%
Oliver
50%
Orochi
50%
Pelleas
50%
Perne
50%
Rhys
50%
Roderick
50%
Safy
50%
Saias
50%
Shannan
50%
Silas
50%
Ullr
50%
Veld
50%
Wil
50%
Gaius
33%
Kempf
33%
Gromell
17%
No matching quizzes found
Score Distribution
Percent of People with Each Score
Percentile by Number Answered
Your Score History
You have not taken this quiz